<?xml version="1.0" encoding="UTF-8"?>
<collection xmlns="http://www.loc.gov/MARC21/slim">
 <record>
  <leader>01116cam a22002535a 4500</leader>
  <controlfield tag="001">EIQ.libpla003277</controlfield>
  <controlfield tag="008">960329s1996####gw#ac####bf###001#0#eng#d</controlfield>
  <controlfield tag="005">20071116202444.0</controlfield>
  <datafield tag="245" ind1="0" ind2="0">
   <subfield code="a">Polypropylene handbook :</subfield>
   <subfield code="b">polymerization, characterization, properties, processing, applications /</subfield>
   <subfield code="c">edited by Edward P. Moore, Jr. ; with contributions by Enrico Albizzati ... [et al.].</subfield>
  </datafield>
  <datafield tag="260" ind1=" " ind2=" ">
   <subfield code="a">Munich :</subfield>
   <subfield code="b">Hanser Publishers ;</subfield>
   <subfield code="a">Cincinnati :</subfield>
   <subfield code="b">Hanser/Gardner Publications,</subfield>
   <subfield code="c">c1996.</subfield>
  </datafield>
  <datafield tag="300" ind1=" " ind2=" ">
   <subfield code="a">xix, 419 p. :</subfield>
   <subfield code="b">il. (algunas col.), retratos ;</subfield>
   <subfield code="c">25 cm.</subfield>
  </datafield>
  <datafield tag="504" ind1=" " ind2=" ">
   <subfield code="a">Oncluye referencias bibliográficas e índice.</subfield>
  </datafield>
  <datafield tag="020" ind1=" " ind2=" ">
   <subfield code="a">3446181768 (Carl Hanser Verlag)</subfield>
  </datafield>
  <datafield tag="020" ind1=" " ind2=" ">
   <subfield code="a">1569902089 (Hanser/Gardner Publications)</subfield>
  </datafield>
  <datafield tag="700" ind1="1" ind2=" ">
   <subfield code="a">Moore, Edward P.,</subfield>
   <subfield code="e">ed.</subfield>
   <subfield code="4">edt</subfield>
  </datafield>
  <datafield tag="700" ind1="1" ind2=" ">
   <subfield code="a">Albizzati, Enrico.</subfield>
   <subfield code="4">ctb</subfield>
  </datafield>
  <datafield tag="082" ind1="0" ind2="0">
   <subfield code="a">668.4/234</subfield>
   <subfield code="2">20</subfield>
  </datafield>
  <datafield tag="650" ind1=" " ind2="4">
   <subfield code="a">Polipropileno.</subfield>
   <subfield code="x">Handbooks, manuales, etc.</subfield>
  </datafield>
  <datafield tag="650" ind1=" " ind2="4">
   <subfield code="a">Polímeros</subfield>
   <subfield code="x">Polipropileno.</subfield>
  </datafield>
  <datafield tag="650" ind1=" " ind2="4">
   <subfield code="a">Polypropylene.</subfield>
   <subfield code="x">Handbooks, manuals, etc.</subfield>
  </datafield>
  <datafield tag="650" ind1=" " ind2="4">
   <subfield code="a">Polymers</subfield>
   <subfield code="x">Polypropylene.</subfield>
  </datafield>
  <datafield tag="010" ind1=" " ind2=" ">
   <subfield code="a">   96015822 </subfield>
  </datafield>
  <datafield tag="040" ind1=" " ind2=" ">
   <subfield code="a">DLC</subfield>
   <subfield code="c">DLC</subfield>
   <subfield code="d">AR-BbSID</subfield>
  </datafield>
  <datafield tag="859" ind1=" " ind2=" ">
   <subfield code="a">AR-BbSID</subfield>
   <subfield code="b">BIB. PLAPIQUI</subfield>
   <subfield code="h">668.423 4</subfield>
   <subfield code="i">P 762</subfield>
   <subfield code="p">4476</subfield>
  </datafield>
 </record>
</collection>
